000 00542cam a22001932 4500
001 0000001550
005 20151217155811.0
008 070315s xx 000 0 eng d
040 _aKABU
_cKABU
050 0 _aBJ1249
_b.O27
100 1 _aO'Brien, Brian.
_@0000051670
245 1 0 _aThat good physician.
260 _aLondon :
_bHodder & Stoughton,
_c1962.
300 _a264 p.
650 0 _aChristian ethics
_xstudy and teaching.
_@0000150385
908 _a070315
950 _@1
999 _c12598
_d12598